Adhunik Bharatiya Arya bhasha (Record no. 9734)

MARC details
000 -LEADER
fixed length control field 00621cam a2200217ua 4500
005 - DATE AND TIME OF LATEST TRANSACTION
control field 20231011123608.0
008 - FIXED-LENGTH DATA ELEMENTS--GENERAL INFORMATION
fixed length control field 190402n ii |||gr||||Z||||||asm
020 ## - INTERNATIONAL STANDARD BOOK NUMBER
International Standard Book Number 9788186385111
040 ## - CATALOGING SOURCE
Transcribing agency MAIN
Original cataloging agency IN-DiNC
041 ## - LANGUAGE CODE
Language code of sung or spoken text Assamese
082 ## - DEWEY DECIMAL CLASSIFICATION NUMBER
Classification number 491
Item number ADH
245 ## - TITLE STATEMENT
Title Adhunik Bharatiya Arya bhasha
Statement of responsibility, etc. ed. by Dipti Phukan Patgiri
250 ## - EDITION STATEMENT
Edition statement 1st ed.
260 ## - PUBLICATION, DISTRIBUTION, ETC.
Place of publication, distribution, etc. Guwahati:
Name of publisher, distributor, etc. Assam publishing company,
Date of publication, distribution, etc. 2014.
300 ## - PHYSICAL DESCRIPTION
Extent 199p.
650 ## - SUBJECT ADDED ENTRY--TOPICAL TERM
Topical term or geographic name entry element Modern Indian Arya language
700 ## - ADDED ENTRY--PERSONAL NAME
Personal name Patgiri, Dipti Phukan
Relator term Editor
942 ## - ADDED ENTRY ELEMENTS (KOHA)
Koha item type Books
Source of classification or shelving scheme Dewey Decimal Classification
653 ## - INDEX TERM--UNCONTROLLED
Uncontrolled term East Indo-European & Celtic languages
653 ## - INDEX TERM--UNCONTROLLED
Uncontrolled term Assamese language
Holdings
Withdrawn status Lost status Source of classification or shelving scheme Damaged status Not for loan Collection code Home library Current library Shelving location Date acquired Cost, normal purchase price Total Checkouts Full call number Barcode Date last seen Date last checked out Copy number Price effective from Koha item type Date due
    Dewey Decimal Classification     Assamese Naharkatiya College Library Naharkatiya College Library General Stacks 19/09/2020 280.00 10 491 ADH 24352 26/02/2025 14/02/2025 1 19/09/2020 Books  
    Dewey Decimal Classification     Assamese Naharkatiya College Library Naharkatiya College Library General Stacks 19/09/2020 300.00 14 491 ADH 24353 22/10/2025 07/10/2025 2 19/09/2020 Books  
    Dewey Decimal Classification     Assamese Naharkatiya College Library Naharkatiya College Library General Stacks 19/09/2020 300.00 6 491 ADH 25543 07/04/2026 07/04/2026 3 19/09/2020 Books 30/04/2026
    Dewey Decimal Classification     Assamese Naharkatiya College Library Naharkatiya College Library General Stacks 11/10/2023 300.00 7 491 ADH 29724 19/05/2025 26/04/2025 4 11/10/2023 Books  
    Dewey Decimal Classification     Assamese Naharkatiya College Library Naharkatiya College Library General Stacks 11/10/2023 300.00 3 491 ADH 29725 27/09/2025 10/02/2025 5 11/10/2023 Books  

Naharkatiya College © 2020. All rights reserved.

Powered By